[Event "Titled Tue 27th May Late"]
[Site "chess.com INT"]
[Date "2025.05.27"]
[Round "2"]
[White "Yevchenko, Oleksandr"]
[Black "Haussernot, Cecile"]
[Result "0-1"]
[WhiteTitle "CM"]
[BlackTitle "WIM"]
[WhiteElo "2276"]
[BlackElo "2108"]
[WhiteFideId "14108267"]
[BlackFideId "601632"]
[EventDate "2025.05.27"]

1. c4 c6 2. e4 d5 3. exd5 cxd5 4. cxd5 Nf6 5. Qa4+ Nbd7 6. Nc3 g6 7. Bc4 Bg7 8.
d3 O-O 9. Nf3 a6 10. Qa3 Nb6 11. Qb3 Nfd7 12. Be3 Nxc4 13. dxc4 b5 14. c5 b4 15.
Ne4 f5 16. Neg5 f4 17. Ne6 Qa5 18. Nxf8 fxe3 19. Nxd7 exf2+ 20. Kxf2 Bxd7 21.
Rac1 Ba4 22. Qe3 Bxb2 23. Qe6+ Kh8 24. Rc4 Bb5 25. Rc2 Qxa2 26. Re1 b3 27. Rd2
Qa3 28. Kg1 Qxc5+ 29. Kh1 Bc3 30. Rdd1 Bxe1 31. Rxe1 Qd6 32. Qe3 b2 33. Ng5 Rf8
34. Ne6 Rf6 35. Qc3 h5 36. Qxb2 Qxd5 37. Nf4 Qg5 38. Ne6 Qg4 39. Nd8 Kg8 40. h3
Qg3 0-1

[Event "Titled Tue 27th May Late"]
[Site "chess.com INT"]
[Date "2025.05.27"]
[Round "2"]
[White "Andrade, Ivan"]
[Black "Hadzovic, Amir"]
[Result "1-0"]
[WhiteTitle "FM"]
[BlackTitle "FM"]
[WhiteElo "2161"]
[BlackElo "2354"]
[WhiteFideId "14800039"]
[BlackFideId "14402300"]
[EventDate "2025.05.27"]

1. e4 e5 2. Nf3 Nc6 3. Bb5 a6 4. Ba4 d6 5. O-O Bd7 6. c3 g6 7. d4 Bg7 8. d5 Nce7
9. Bxd7+ Qxd7 10. c4 Nf6 11. Nc3 O-O 12. Ne1 Ne8 13. Be3 f5 14. f3 Kh8 15. Nd3
Ng8 16. c5 Bh6 17. Bf2 Nef6 18. h3 Rf7 19. b4 Raf8 20. a4 fxe4 21. fxe4 Nh5 22.
Qe2 Bf4 23. b5 Bg3 24. Be3 Bf4 25. Nxf4 Nxf4 26. Bxf4 Rxf4 27. c6 bxc6 28. dxc6
Qc8 29. bxa6 Qa8 30. Qc4 Ne7 31. Nd5 Rxf1+ 32. Rxf1 Rxf1+ 33. Qxf1 Nxc6 34. Qf6+
Kg8 35. Qe6+ Kh8 36. Qf7 Qg8 37. Qxg8+ Kxg8 38. Nxc7 Kf7 39. Nb5 Ke6 40. a7 Nxa7
41. Nxa7 d5 42. exd5+ Kxd5 43. Kf2 Kc5 44. Ke3 Kb4 45. Nc6+ Kxa4 46. Nxe5 Kb4
47. Kf4 Kc5 48. Kg5 Kd5 49. Ng4 Ke6 50. Kh6 Kf5 51. Kxh7 g5 52. Kh6 Kf4 53. Kh5
Kf5 54. g3 Ke6 55. Kxg5 Kf7 56. h4 Kg8 57. h5 Kh8 58. Kg6 Kg8 59. h6 Kh8 60. Ne5
Kg8 61. h7+ Kh8 62. Nf7# 1-0

[Event "Titled Tue 27th May Late"]
[Site "chess.com INT"]
[Date "2025.05.27"]
[Round "2"]
[White "Sklokin, Sergey"]
[Black "Robert, Yoann"]
[Result "0-1"]
[WhiteTitle "FM"]
[BlackTitle "CM"]
[WhiteElo "2311"]
[BlackElo "2198"]
[WhiteFideId "55730230"]
[BlackFideId "36018805"]
[EventDate "2025.05.27"]

1. d4 f5 2. c4 Nf6 3. g3 g6 4. Bg2 Bg7 5. Nc3 d6 6. Nf3 O-O 7. O-O Nc6 8. a3 e5
9. e3 e4 10. Nd2 Qe7 11. b4 a5 12. b5 Nd8 13. Bb2 Nf7 14. Ne2 g5 15. d5 Nd7 16.
Bxg7 Kxg7 17. Nd4 Nc5 18. Kh1 Ne5 19. Qe2 Bd7 20. f3 exf3 21. N2xf3 Rae8 22.
Rae1 Ne4 23. Kg1 Ng4 24. Qc2 Qf6 25. Nd2 Nc5 26. Qc3 Na4 27. Qxa5 Nxe3 28. Ne6+
Bxe6 29. Rxe3 Qd4 30. Re1 Bxd5 31. Nf1 Bxg2 32. Kxg2 Rxe3 33. Rxe3 Nb6 34. Qa7
f4 35. Re7+ Kg8 36. Qxb7 f3+ 37. Kh1 Qf2 0-1

[Event "Titled Tue 27th May Late"]
[Site "chess.com INT"]
[Date "2025.05.27"]
[Round "2"]
[White "Garzon Zapatanga, Christopher Leonel"]
[Black "Krotov, Damian"]
[Result "1-0"]
[WhiteTitle "FM"]
[WhiteElo "2168"]
[BlackElo "1967"]
[WhiteFideId "3634787"]
[BlackFideId "24208213"]
[EventDate "2025.05.27"]

1. b3 d5 2. Bb2 Nf6 3. e3 Bg4 4. Nf3 c6 5. Be2 Nbd7 6. c4 Qc7 7. O-O e6 8. d4
Bd6 9. Nbd2 O-O 10. h3 Bh5 11. a3 a5 12. Rc1 Rac8 13. Qc2 Qb8 14. Qb1 b5 15. Qa1
Rfe8 16. Bd3 bxc4 17. bxc4 c5 18. Bb1 Bxf3 19. Nxf3 cxd4 20. Nxd4 dxc4 21. Rfd1
Be5 22. Ba2 Nb6 23. f4 Bd6 24. Kh1 Na4 25. Rc2 Ne4 26. Bc1 c3 27. Bb3 Nac5 28.
Bc4 Qa8 29. Bf1 Ng3+ 30. Kg1 Nxf1 31. Rxf1 Ne4 32. Qa2 Qa6 33. a4 Rb8 34. Nb5
Bc5 35. Nxc3 Nxc3 36. Rxc3 Rec8 37. Qc2 Qb6 38. Kh1 Rc6 39. Bd2 Rbc8 40. Rc1 Kf8
41. Qd3 1-0

[Event "Titled Tue 27th May Late"]
[Site "chess.com INT"]
[Date "2025.05.27"]
[Round "2"]
[White "Naranjo Moreno, Antonio"]
[Black "Winslow, Elliott"]
[Result "1-0"]
[WhiteTitle "FM"]
[BlackTitle "IM"]
[WhiteElo "2289"]
[BlackElo "2004"]
[WhiteFideId "2278626"]
[BlackFideId "2002523"]
[EventDate "2025.05.27"]

1. e4 d6 2. d4 Nf6 3. Nc3 g6 4. Bg5 Bg7 5. Qd2 h6 6. Bh4 g5 7. Bg3 Nh5 8. O-O-O
Nd7 9. Be2 Nxg3 10. hxg3 c5 11. dxc5 Nxc5 12. f4 Qa5 13. e5 dxe5 14. Bb5+ Bd7
15. Bxd7+ Kf8 16. a3 Rd8 17. Nf3 Rxd7 18. Qe2 exf4 19. Rxd7 Nxd7 20. Rd1 Bxc3
21. Rxd7 Bf6 22. Nd4 Kg7 23. Qe4 Rc8 24. Nf5+ Kf8 25. Nxe7 Qc5 26. Nf5 Qg1+ 27.
Rd1 Qf2 28. Nxh6 Kg7 29. Nf5+ Kg8 30. Nd6 Rc7 31. Ne8 Bxb2+ 32. Kxb2 Qb6+ 33.
Ka1 Re7 34. Qxe7 Qg6 35. Nf6+ Kg7 36. Nd5 Qc6 37. Qf6+ Qxf6+ 38. Nxf6 Kxf6 39.
gxf4 1-0

[Event "Titled Tue 27th May Late"]
[Site "chess.com INT"]
[Date "2025.05.27"]
[Round "2"]
[White "Hasman, Cengiz"]
[Black "Gabrielian, Artur"]
[Result "0-1"]
[BlackTitle "GM"]
[WhiteElo "2079"]
[BlackElo "2419"]
[WhiteFideId "413364"]
[BlackFideId "4131002"]
[EventDate "2025.05.27"]

1. d4 Nf6 2. c4 e6 3. Bg5 Bb4+ 4. Nd2 h6 5. Bh4 d5 6. e3 O-O 7. Nf3 c5 8. dxc5
Na6 9. a3 Bxd2+ 10. Nxd2 Nxc5 11. b4 Ncd7 12. cxd5 exd5 13. Be2 a5 14. O-O axb4
15. axb4 Rxa1 16. Qxa1 Qb6 17. Qc3 Re8 18. Bf3 Ne5 19. Rc1 Bf5 20. h3 Rc8 21.
Qb2 Rxc1+ 22. Qxc1 Qxb4 23. Qc7 Qxh4 24. Qxe5 Qb4 25. Nf1 Be4 26. Ng3 Bxf3 27.
gxf3 Qf8 28. Nf5 Qe8 29. Qg3 g6 30. Nxh6+ Kf8 31. Qf4 Qe6 32. Kg2 Kg7 33. Ng4
Nxg4 34. hxg4 Qf6 35. Qb8 Qb2 36. Qd6 b5 37. Qxd5 b4 38. Qb5 Qc3 39. f4 b3 40.
f5 g5 41. f6+ Kxf6 42. Qf5+ Ke7 43. Qxg5+ Kd7 44. Qb5+ Kc7 45. Qa4 Qc6+ 46.
Qxc6+ Kxc6 47. f4 b2 48. Kf3 b1=Q 49. g5 Qh1+ 50. Kg4 Kd5 51. Kf5 Qh3+ 52. Kf6
Qe6+ 53. Kg7 Qf5 54. Kf8 Ke6 55. Kg7 Qe4 56. Kf8 Qxe3 57. f5+ Kxf5 58. Kxf7 Qxg5
59. Ke8 Ke6 60. Kf8 Qe7+ 61. Kg8 Kf6 62. Kh8 Qg7# 0-1

[Event "Titled Tue 27th May Late"]
[Site "chess.com INT"]
[Date "2025.05.27"]
[Round "2"]
[White "Marchesich, Giovanni"]
[Black "Wu, Derek"]
[Result "1-0"]
[WhiteTitle "CM"]
[BlackTitle "FM"]
[WhiteElo "2219"]
[BlackElo "2232"]
[WhiteFideId "2824790"]
[BlackFideId "30914558"]
[EventDate "2025.05.27"]

1. d4 Nf6 2. Nc3 d5 3. Bf4 a6 4. e3 h6 5. Bd3 e6 6. Nf3 c5 7. Ne5 Qb6 8. a3 Nc6
9. dxc5 Qxc5 10. O-O Nxe5 11. Bxe5 Bd6 12. Bxd6 Qxd6 13. e4 d4 14. Ne2 e5 15. h3
O-O 16. f4 exf4 17. Nxf4 Re8 18. Qf3 Bd7 19. Rf2 Rac8 20. Raf1 Bb5 21. Nd5 Re6
22. Qf5 Bxd3 23. Nxf6+ gxf6 24. cxd3 Rc5 25. Qf3 Rg5 26. Rc2 Kg7 27. Qf4 Qxf4
28. Rxf4 Rg3 29. Rf3 Rxf3 30. gxf3 Rb6 31. b4 a5 32. Rc4 axb4 33. axb4 Rd6 34.
f4 f5 35. e5 Rd7 36. Kf2 Kg6 37. Kf3 Kh5 38. Rc8 Kh4 39. Rh8 h5 40. Rh7 Re7 41.
b5 Rc7 42. e6 Rc3 43. exf7 Rc8 44. Rh6 Rf8 45. Rf6 b6 46. Rxf5 Kxh3 47. Rxh5# 1-0

[Event "Titled Tue 27th May Late"]
[Site "chess.com INT"]
[Date "2025.05.27"]
[Round "2"]
[White "Tahbaz, Arash"]
[Black "Avila Bautista, Roberto Al"]
[Result "1-0"]
[WhiteTitle "IM"]
[BlackTitle "FM"]
[WhiteElo "2462"]
[BlackElo "2306"]
[WhiteFideId "12528846"]
[BlackFideId "5119987"]
[EventDate "2025.05.27"]

1. Nf3 Nf6 2. g3 g6 3. Bg2 Bg7 4. O-O c5 5. d3 Nc6 6. c4 O-O 7. Nc3 b6 8. a3 Bb7
9. Rb1 d5 10. Bf4 d4 11. Na4 Re8 12. b4 cxb4 13. axb4 Nh5 14. Bd2 e5 15. Ng5 h6
16. Ne4 Rb8 17. c5 b5 18. Nd6 Ba8 19. Nxe8 Qxe8 20. Nb2 f5 21. e4 f4 22. Bf3 Nf6
23. gxf4 exf4 24. Bxf4 Ne5 25. Bg2 Rd8 26. Bxe5 Qxe5 27. f4 Qe7 28. Qf3 Bc6 29.
Nd1 Bd7 30. Nf2 h5 31. h3 Kh7 32. Rbe1 a5 33. bxa5 Qxc5 34. e5 Ne8 35. Ne4 Qa3
36. Ng3 Qxa5 37. f5 gxf5 38. Qxh5+ Kg8 39. Bd5+ Kf8 40. Qf7# 1-0

[Event "Titled Tue 27th May Late"]
[Site "chess.com INT"]
[Date "2025.05.27"]
[Round "2"]
[White "Caprio, Guido"]
[Black "Rasulov, Vugar"]
[Result "0-1"]
[WhiteTitle "IM"]
[BlackTitle "GM"]
[WhiteElo "2435"]
[BlackElo "2485"]
[WhiteFideId "834580"]
[BlackFideId "13402390"]
[EventDate "2025.05.27"]

1. d4 d5 2. c4 c6 3. e3 Nf6 4. Nc3 e6 5. Nf3 Nbd7 6. Qc2 Bd6 7. Bd3 O-O 8. O-O
dxc4 9. Bxc4 b5 10. Be2 Bb7 11. e4 e5 12. dxe5 Nxe5 13. Nd4 Neg4 14. g3 Bxg3 15.
hxg3 Qxd4 16. Kg2 Qc5 17. a3 a5 18. Qb3 Bc8 19. Nd1 Be6 20. Qc3 Nxe4 21. Qxc5
Nxc5 22. Rb1 Nb3 23. Bf4 Rad8 24. Re1 Nf6 25. Nc3 b4 26. axb4 axb4 27. Na4 Nd5
28. Bg5 Ra8 29. Bd1 h6 30. Bxb3 hxg5 31. Nc5 Rfe8 32. Nxe6 Rxe6 33. Rxe6 fxe6
34. Re1 Kf7 35. Re5 Kf6 36. Re4 c5 37. Rc4 Rc8 38. Rc1 Ke5 39. Kf3 Rf8+ 40. Ke2
Kd6 41. Rc4 Rf5 42. Rg4 Nf6 43. Rc4 g4 44. Bc2 Re5+ 45. Kd2 g5 46. Bd1 Ne4+ 47.
Kc2 Nxf2 48. Bxg4 Nxg4 49. Rxg4 Ke7 50. Kd3 Kf6 51. Rc4 Kf5 52. g4+ Kf6 53. Rc1
Ke7 54. Kc4 Re4+ 55. Kxc5 Rxg4 56. Re1 Rf4 57. Rg1 Kf6 58. b3 g4 59. Kd6 Rd4+
60. Kc5 e5 0-1

[Event "Titled Tue 27th May Late"]
[Site "chess.com INT"]
[Date "2025.05.27"]
[Round "2"]
[White "Vagman, Roy"]
[Black "Mata Gonzalez, Jose Fernando"]
[Result "1-0"]
[WhiteTitle "FM"]
[BlackTitle "CM"]
[WhiteElo "2417"]
[BlackElo "2164"]
[WhiteFideId "2828995"]
[BlackFideId "5107423"]
[EventDate "2025.05.27"]

1. e4 e5 2. Nf3 Nc6 3. Bb5 a6 4. Ba4 Nf6 5. Qe2 b5 6. Bb3 d6 7. c3 Be7 8. h3 O-O
9. O-O Na5 10. Bc2 c5 11. d4 Nc6 12. d5 Nb8 13. b3 Ne8 14. Nbd2 g6 15. Re1 Ng7
16. Nf1 f5 17. Bh6 f4 18. a4 bxa4 19. Rxa4 Nd7 20. N1d2 Nf6 21. Bd3 a5 22. Rea1
Bd7 23. Bb5 Bc8 24. Bc6 Ra7 25. Nc4 Ba6 26. Nfd2 Bxc4 27. Nxc4 Nfh5 28. Rxa5
Rxa5 29. Rxa5 f3 30. gxf3 Nf4 31. Bxf4 exf4 32. Ra8 Qc7 33. Rxf8+ Bxf8 34. e5
Nf5 35. exd6 Bxd6 36. Qe6+ Kg7 37. Nxd6 Qxd6 38. Qxd6 Nxd6 39. b4 cxb4 40. cxb4
Kf6 41. b5 Nc8 42. d6 Nb6 43. h4 Ke6 44. d7 Ke7 45. Kh2 h5 46. Be4 Nxd7 47. Bxg6
Nf6 48. b6 Kd6 49. Be4 Nd7 50. b7 Ke5 51. Kg1 Kd6 52. Kf1 Kc7 53. Ke2 Nf6 54.
Kd3 Ng8 55. Kd4 Ne7 56. Ke5 Ng8 57. Kxf4 1-0

[Event "Titled Tue 27th May Late"]
[Site "chess.com INT"]
[Date "2025.05.27"]
[Round "2"]
[White "Nowak, Mikolaj"]
[Black "Modric, Nesa"]
[Result "1-0"]
[BlackTitle "CM"]
[WhiteElo "2316"]
[BlackElo "2088"]
[WhiteFideId "1191365"]
[BlackFideId "922579"]
[EventDate "2025.05.27"]

1. f3 d5 2. Kf2 e5 3. g3 h5 4. Bh3 h4 5. Kg2 Bd6 6. d3 f6 7. e4 Ne7 8. Nc3 Bxh3+
9. Nxh3 c6 10. g4 g5 11. Nf2 Bc5 12. h3 Nd7 13. Qe2 O-O 14. Rd1 Qc7 15. b3 b5
16. Bb2 Ng6 17. Kh2 Nf4 18. Qf1 Bd4 19. Rab1 Nc5 20. Ne2 Bxb2 21. Rxb2 Nce6 22.
Nxf4 Nxf4 23. Rbb1 d4 24. Qe1 a5 25. c3 c5 26. Rbc1 Qb6 27. Rc2 Rfc8 28. Rdc1
Ne6 29. Nd1 Rc7 30. cxd4 Nxd4 31. Rf2 b4 32. Nb2 Nb5 33. Na4 Qd6 34. Qe3 Nd4 35.
Rc4 Rac8 36. Rf1 Kg7 37. Rfc1 Kg6 38. Kg2 Ne6 39. Nb2 Nd4 40. Qf2 Ne6 41. Rd1
Rd8 42. Kh2 Nd4 43. Rcc1 Ne6 44. Qe3 Qd4 45. Qxd4 Rxd4 46. Rc4 Rcd7 47. Rxd4
Nxd4 48. Kg2 Ne6 49. Kh2 Nf4 50. Rd2 Rd4 51. Nc4 Nxd3 52. Nxa5 Nc1 53. Rf2 Nd3
54. Rf1 Nb2 55. Nb7 c4 56. bxc4 Rxc4 57. Rf2 1-0

[Event "Titled Tue 27th May Late"]
[Site "chess.com INT"]
[Date "2025.05.27"]
[Round "2"]
[White "Karas, Marek"]
[Black "Ebrahimi Herab, Hamidreza"]
[Result "1/2-1/2"]
[WhiteTitle "FM"]
[BlackTitle "FM"]
[WhiteElo "2200"]
[BlackElo "2404"]
[WhiteFideId "14928558"]
[BlackFideId "22512888"]
[EventDate "2025.05.27"]

1. d4 Nf6 2. Bg5 d5 3. Bxf6 gxf6 4. c4 dxc4 5. e3 c5 6. Bxc4 cxd4 7. exd4 Nc6 8.
Nf3 e6 9. d5 exd5 10. Qxd5 Bb4+ 11. Nc3 Be6 12. Qxd8+ Rxd8 13. Bxe6 fxe6 14. Rc1
Ke7 15. Ke2 Nd4+ 16. Nxd4 Rxd4 17. Rhd1 Rhd8 18. Rxd4 Rxd4 19. f3 a6 20. a3 Ba5
21. b4 Bd8 22. Ne4 f5 23. Nc5 a5 24. Nxb7 axb4 25. Nxd8 Kxd8 26. axb4 Rxb4 27.
Rc2 Kd7 28. Ra2 Kd6 29. Ra7 h5 30. Kf2 h4 31. Ra2 Ke5 32. Re2+ Kf6 33. Rd2 Rb1
34. h3 Kg5 35. Re2 Rb6 36. Ra2 e5 37. Ra4 Rb2+ 38. Kg1 Re2 39. f4+ exf4 40. Ra3
Re3 41. Ra8 f3 42. Kf2 fxg2 43. Kxg2 Rg3+ 44. Kh2 Rb3 45. Kg2 Kf4 46. Ra4+ Ke3
47. Rxh4 f4 48. Rh8 Rb2+ 49. Kg1 Rb1+ 50. Kh2 Kf2 51. Rf8 f3 52. h4 Rb4 53. Kh3
Rb1 54. Kg4 Rb4+ 55. Kg5 Kg3 56. h5 Rg4+ 57. Kh6 Rf4 58. Rg8+ Kh2 59. Ra8 f2 60.
Ra1 f1=Q 61. Rxf1 Rxf1 62. Kg7 Rg1+ 63. Kf6 Rf1+ 64. Kg6 Rg1+ 65. Kf6 Kg3 66. h6
Rh1 67. Kg7 Kf4 68. h7 Rg1+ 69. Kf7 Rh1 70. Kg7 Kg5 71. h8=Q Rxh8 72. Kxh8 1/2-1/2

[Event "Titled Tue 27th May Late"]
[Site "chess.com INT"]
[Date "2025.05.27"]
[Round "2"]
[White "Barrientos, Ernesto"]
[Black "Wang, Daniel"]
[Result "1-0"]
[WhiteTitle "CM"]
[BlackTitle "CM"]
[WhiteElo "2027"]
[BlackElo "2030"]
[WhiteFideId "3701247"]
[BlackFideId "3238873"]
[EventDate "2025.05.27"]

1. e4 c5 2. Nf3 d6 3. d4 cxd4 4. Nxd4 Nf6 5. Nc3 a6 6. h3 e5 7. Nde2 h5 8. Bg5
Be7 9. Bxf6 Bxf6 10. Nd5 Be7 11. Nec3 Nd7 12. Be2 Nf6 13. Nxf6+ Bxf6 14. Bxh5
Be6 15. Bg4 Rc8 16. O-O Qd7 17. Nd5 Bxg4 18. hxg4 Qe6 19. c3 Bg5 20. Qf3 Qh6 21.
Qh3 Qxh3 22. gxh3 Rxh3 23. Kg2 Rd3 24. Rh1 Rd8 25. Rad1 Rxd1 26. Rxd1 Kd7 27.
Rh1 Ke6 28. Rh7 Bf6 29. f4 exf4 30. Nxf4+ Ke5 31. Kf3 b5 32. Rh5+ g5 33. Nd5 Rg8
34. Rh6 Rg6 35. Rh7 Rg7 36. Rh8 Ke6 37. Re8+ Kd7 38. Nxf6+ Kc6 39. Ra8 Kb7 40.
Rd8 Rg6 41. Rxd6 Rh6 42. Kg2 Rh4 43. e5 Kc7 44. Rd7+ Kc8 45. Rxf7 Rh8 46. e6 Rd8
47. Rd7 Rxd7 48. exd7+ Kd8 49. Kf3 a5 50. Ke4 b4 51. cxb4 axb4 52. Kf5 Ke7 53.
Kxg5 Kd8 54. Kf5 b3 55. axb3 Ke7 56. g5 Kd8 57. g6 Ke7 58. g7 Kd6 59. d8=Q+ Kc5 1-0

[Event "Titled Tue 27th May Late"]
[Site "chess.com INT"]
[Date "2025.05.27"]
[Round "2"]
[White "Klekowski, Maciej"]
[Black "Zilberstein, Dmitry"]
[Result "1-0"]
[WhiteTitle "GM"]
[BlackTitle "IM"]
[WhiteElo "2474"]
[BlackElo "2358"]
[WhiteFideId "1132717"]
[BlackFideId "2010739"]
[EventDate "2025.05.27"]

1. c4 d6 2. Nc3 e5 3. g3 c5 4. Bg2 Nc6 5. Nf3 g6 6. O-O Bg7 7. Ne1 Nge7 8. Nc2
h5 9. h4 Be6 10. Ne3 Qd7 11. a3 Bh3 12. b4 Bxg2 13. Kxg2 cxb4 14. axb4 Nxb4 15.
Ba3 Nbc6 16. Nb5 Nc8 17. Nd5 O-O 18. Rb1 N6e7 19. Nxe7+ Qxe7 20. Qb3 Rd8 21. d3
e4 22. Nc3 exd3 23. exd3 Nb6 24. Rfe1 Qd7 25. Nb5 Qc6+ 26. Kg1 d5 27. c5 Nd7 28.
Rbc1 Ne5 29. d4 Nc4 30. Nd6 Bxd4 31. Re7 Bxc5 32. Qf3 Nxd6 33. Rxc5 Qa4 34. Rcc7
Qg4 35. Qxd5 Qf5 36. Qxf5 Nxf5 37. Rxf7 Rd1+ 38. Kg2 Re8 39. Rxb7 Rd2 40. Bc5
Ne3+ 41. Bxe3 Rxe3 42. Rg7+ Kh8 43. Rh7+ Kg8 44. Rbg7+ Kf8 45. Rxa7 Red3 46.
Rh8# 1-0

[Event "Titled Tue 27th May Late"]
[Site "chess.com INT"]
[Date "2025.05.27"]
[Round "2"]
[White "Mendez Machado, Andre"]
[Black "Rustamov, Rustam"]
[Result "0-1"]
[WhiteTitle "FM"]
[BlackTitle "FM"]
[WhiteElo "2189"]
[BlackElo "2323"]
[WhiteFideId "6603793"]
[BlackFideId "13440110"]
[EventDate "2025.05.27"]

1. e4 c5 2. Nf3 d6 3. Bb5+ Bd7 4. Bxd7+ Qxd7 5. O-O Nc6 6. Re1 e6 7. c3 Nf6 8.
d4 cxd4 9. cxd4 d5 10. e5 Ne4 11. a3 Be7 12. Nbd2 Nxd2 13. Bxd2 Rc8 14. Re3 b6
15. Rd3 Na5 16. b3 Rc7 17. h4 Qb5 18. Ne1 h5 19. a4 Qd7 20. Nf3 Nc6 21. Ng5 Bxg5
22. Bxg5 Qc8 23. Rg3 g6 24. Rc3 Ne7 25. Rxc7 Qxc7 26. Rc1 Qd7 27. Bf6 O-O 28. g4
Kh7 29. gxh5 Nf5 30. hxg6+ fxg6 31. h5 Qf7 32. Kh2 gxh5 33. Rc3 Qg6 34. Rh3 Kg8
35. Rxh5 Kf7 36. Rg5 Qh6+ 37. Kg1 Rg8 38. Rxg8 Kxg8 39. Qg4+ Kf7 40. Bg5 Qg6 41.
Qf4 Kg8 42. Kf1 Qh5 43. Bf6 Qd1+ 44. Kg2 Qh5 0-1

[Event "Titled Tue 27th May Late"]
[Site "chess.com INT"]
[Date "2025.05.27"]
[Round "2"]
[White "Ozcan, Kaan"]
[Black "Swara Lakshmi S Nair"]
[Result "1-0"]
[WhiteTitle "FM"]
[BlackTitle "WCM"]
[WhiteElo "2230"]
[BlackElo "2178"]
[WhiteFideId "34566422"]
[BlackFideId "25629239"]
[EventDate "2025.05.27"]

1. d4 Nf6 2. Nf3 g6 3. c4 Bg7 4. Nc3 d5 5. cxd5 Nxd5 6. Bd2 O-O 7. e4 Nxc3 8.
Bxc3 c5 9. d5 e6 10. Bxg7 Kxg7 11. Be2 exd5 12. exd5 Bf5 13. Qd2 Nd7 14. O-O Nf6
15. Rfd1 Qd6 16. Rac1 b6 17. Qc3 Rad8 18. h3 Rfe8 19. Bb5 Re7 20. Bc6 Be4 21.
Ng5 Kg8 22. Nxe4 Nxe4 23. Qf3 Nf6 24. a4 Re5 25. Qg3 Nxd5 26. Rc2 f6 27. Bb5 Qe7
28. Bc4 Kg7 29. Rcd2 Re1+ 30. Kh2 Rxd1 31. Rxd1 Nc7 32. Rxd8 Qxd8 33. Qe3 Qd6+
34. g3 Qe5 35. Qf3 Qxb2 36. Kg2 Qd4 37. Bb3 Qd6 38. Qb7 a5 39. Bc4 f5 40. Qb8
Qc6+ 41. Kh2 1-0

[Event "Titled Tue 27th May Late"]
[Site "chess.com INT"]
[Date "2025.05.27"]
[Round "2"]
[White "Wagner, Dennis"]
[Black "Fedorov, Artem Alek"]
[Result "1-0"]
[WhiteTitle "GM"]
[BlackTitle "CM"]
[WhiteElo "2616"]
[BlackElo "2198"]
[WhiteFideId "24650684"]
[BlackFideId "34418431"]
[EventDate "2025.05.27"]

1. e4 c5 2. Nf3 e6 3. d4 cxd4 4. Nxd4 Nf6 5. Nc3 Nc6 6. Ndb5 Bc5 7. Bf4 O-O 8.
Bc7 Qe7 9. Bd6 Bxd6 10. Qxd6 Qd8 11. Be2 a6 12. Nd4 Ne7 13. O-O b5 14. a4 bxa4
15. Rxa4 Bb7 16. f3 Nc8 17. Qa3 Nb6 18. Ra5 d5 19. e5 Nfd7 20. f4 Qc7 21. Rd1
Rfc8 22. h4 Qd8 23. h5 Qh4 24. Rf1 Nc4 25. Bxc4 Rxc4 26. Nce2 Qxh5 27. Qe7 Rc7
28. f5 exf5 29. Nf4 Qg4 30. e6 fxe6 31. Ndxe6 Rxc2 32. Qxd7 Bc6 33. Qe7 d4 34.
Rf2 Rc1+ 35. Kh2 h6 36. Ra3 Re8 37. Qxg7+ Qxg7 38. Nxg7 Kxg7 39. Rxa6 Be4 40.
Ra7+ Kf6 41. Ra6+ Kg5 42. Rg6+ Kh4 43. g3# 1-0

[Event "Titled Tue 27th May Late"]
[Site "chess.com INT"]
[Date "2025.05.27"]
[Round "2"]
[White "Morris-Suzuki, Alan H"]
[Black "Martinez Alcantara, Jose Eduardo"]
[Result "1/2-1/2"]
[BlackTitle "GM"]
[WhiteElo "1986"]
[BlackElo "2611"]
[WhiteFideId "30933218"]
[BlackFideId "3805662"]
[EventDate "2025.05.27"]

1. Nf3 c5 2. d4 cxd4 3. Qxd4 Nc6 4. Qa4 d6 5. Nc3 Bd7 6. Qh4 e6 7. Bg5 Nf6 8.
O-O-O Be7 9. e4 O-O 10. Bd3 h6 11. Bxh6 gxh6 12. e5 Nxe5 13. Nxe5 dxe5 14. Qxh6
e4 15. Bxe4 Nxe4 16. Nxe4 f5 17. Qg6+ Kh8 18. Rd3 fxe4 19. Rg3 Bg5+ 20. Rxg5
Qxg5+ 21. Qxg5 Rf7 22. Re1 Bc6 23. Re3 Rg7 24. Rh3+ Kg8 25. Qf6 Rf8 26. Qxe6+
Rff7 27. Rg3 Rxg3 28. hxg3 Kf8 29. Qd6+ Kg7 30. Qe5+ Kg6 31. Qd4 Rd7 32. Qe3 a5
33. g4 a4 34. f4 Rh7 35. f5+ Kf6 36. Qf4 Rh1+ 37. Kd2 Rg1 38. g5+ Kf7 39. Qg4
Rxg2+ 40. Qxg2 e3+ 41. Kxe3 Bxg2 42. Kd4 Bf3 43. Kc5 Be4 44. Kb6 Bxf5 45. Kxb7
Bxc2 46. Kb6 Bb1 47. Ka5 Bxa2 48. Kxa4 Be6 49. b4 Kg6 50. b5 Kxg5 51. b6 Bc8 52.
b7 Bxb7 1/2-1/2

[Event "Titled Tue 27th May Late"]
[Site "chess.com INT"]
[Date "2025.05.27"]
[Round "2"]
[White "Bendayan Claros, Aaron"]
[Black "Dilmukhametov, Artur"]
[Result "1-0"]
[WhiteTitle "CM"]
[BlackTitle "FM"]
[WhiteElo "2224"]
[BlackElo "2276"]
[WhiteFideId "3803392"]
[BlackFideId "24179922"]
[EventDate "2025.05.27"]

1. d4 Nf6 2. Nf3 g6 3. Nbd2 Bg7 4. e4 d6 5. h3 O-O 6. Bd3 Nbd7 7. O-O e5 8. c3
Re8 9. Re1 Nb6 10. a4 a5 11. Nf1 exd4 12. cxd4 Be6 13. Ng3 Bc4 14. Bc2 Ba6 15.
b3 Qd7 16. Bb2 Re7 17. Qd2 Rae8 18. Qxa5 Qc6 19. Qd2 h5 20. h4 Kh7 21. e5 Ng4
22. Nxh5 dxe5 23. Nxg7 Kxg7 24. dxe5 Re6 25. Be4 Qc5 26. Bd4 Qe7 27. Qf4 Nh6 28.
Ng5 Rxe5 29. Bxe5+ Qxe5 30. Qxe5+ Rxe5 31. Bf3 Rxe1+ 32. Rxe1 Nf5 33. g3 f6 34.
Ne6+ Kh6 35. Nxc7 Nd4 36. Bd1 Bd3 37. Ne6 Nc6 38. Re3 Bf5 39. Nc5 Nd5 40. Re1 b6
41. Bf3 Nce7 42. Ne4 Kg7 43. Nd6 Kf8 44. Nxf5 gxf5 45. Bxd5 Nxd5 46. Re6 Kf7 47.
Rd6 Nc3 48. Rxb6 Ne2+ 49. Kg2 Nd4 50. a5 Nc2 51. a6 Na3 52. a7 Kg6 1-0

[Event "Titled Tue 27th May Late"]
[Site "chess.com INT"]
[Date "2025.05.27"]
[Round "2"]
[White "Yang, Daniel"]
[Black "Bykov, Egor"]
[Result "0-1"]
[WhiteTitle "CM"]
[BlackTitle "FM"]
[WhiteElo "2213"]
[BlackElo "2441"]
[WhiteFideId "30976340"]
[BlackFideId "34115290"]
[EventDate "2025.05.27"]

1. Nf3 Nf6 2. g3 d5 3. Bg2 c5 4. O-O Nc6 5. d4 Qb6 6. c4 e6 7. dxc5 Bxc5 8. Nc3
d4 9. Na4 Qa5 10. Bd2 Bb4 11. Bxb4 Qxb4 12. a3 Qxc4 13. Rc1 Qb5 14. Nxd4 Nxd4
15. Qxd4 O-O 16. Rfd1 e5 17. Qc4 Qxc4 18. Rxc4 Be6 19. Rc7 Bb3 20. Bxb7 Bxd1 21.
Bxa8 Rxa8 22. Nc3 Bb3 23. Rb7 Be6 24. Nb5 a5 25. Nc7 Rc8 26. Nxe6 fxe6 27. Rb5
Rc2 28. Rxa5 Rxe2 29. b4 Nd5 30. Ra8+ Kf7 31. b5 e4 32. a4 Rb2 33. Ra7+ Kf6 34.
Rb7 Nc3 35. Ra7 Rb4 36. a5 Rxb5 37. Kg2 Nd5 38. a6 Ra5 39. f3 Nb4 40. fxe4 Rxa6
41. Rc7 Nd3 42. Rc3 Ne5 43. h3 Ra2+ 44. Kf1 Ra4 45. Re3 g5 46. Kf2 Ra2+ 47. Kf1
Ke7 48. Rc3 Kd6 49. Rc8 Ra4 50. Rh8 Rxe4 51. Rxh7 Nc6 52. Rg7 Re5 53. Kf2 Rf5+
54. Ke3 Ne7 55. h4 Nd5+ 56. Ke2 gxh4 57. gxh4 Rf4 58. h5 Rh4 59. Rg5 Rxh5 60.
Rxh5 Nf4+ 61. Kf3 Nxh5 62. Kg4 Nf6+ 63. Kf4 Nd7 64. Ke3 e5 65. Kd3 Nc5+ 66. Kc3
Kd5 67. Kb4 e4 68. Kb5 Kd4 69. Kb6 e3 70. Ka7 e2 0-1